El espíritu criollo (Record no. 105818)

MARC details
000 -LEADER
campo de control de longitud fija 00720nam a2200217 i 4500
001 - NÚMERO DE CONTROL
campo de control 105818
003 - IDENTIFICADOR DE NÚMERO DE CONTROL
campo de control ES-MaACL
005 - FECHA Y HORA DE LA ÚLTIMA TRANSACCIÓN
campo de control 20250825224116.0
007 - CAMPO FIJO DE DESCRIPCIÓN FÍSICA--INFORMACIÓN GENERAL
campo de control de longitud fija t|
008 - DATOS DE LONGITUD FIJA--INFORMACIÓN GENERAL
campo de control de longitud fija 060830s1951 cl |||| | spa d
080 ## - NÚMERO DE LA CLASIFICACIÓN DECIMAL UNIVERSAL
Número de la Clasificación Decimal Universal 821.134.2(82).09
100 1# - ENTRADA PRINCIPAL--NOMBRE DE PERSONA
Nombre de persona Espinoza, Enrique.
9 (RLIN) 47925
245 13 - MENCIÓN DEL TÍTULO
Título El espíritu criollo
Resto del título : Sarmiento, Hernández, Lugones /
Mención de responsabilidad, etc. Enrique Espinoza.
260 ## - PUBLICACIÓN, DISTRIBUCIÓN, ETC.
Lugar de publicación, distribución, etc. Santiago de Chile :
Nombre del editor, distribuidor, etc. Babel,
Fecha de publicación, distribución, etc. [1951]
300 ## - DESCRIPCIÓN FÍSICA
Extensión 118 p. ;
Dimensiones 20 cm.
490 1# - MENCIÓN DE SERIE
Mención de serie Tajamar
650 14 - PUNTO DE ACCESO ADICIONAL DE MATERIA--TÉRMINO DE MATERIA
Término de materia o nombre geográfico como elemento de entrada Literatura argentina-
Subdivisión general Historia y crítica
9 (RLIN) 14507
830 0# - PUNTO DE ACCESO ADICIONAL DE SERIE-TÍTULO UNIFORME
Título uniforme Tajamar
9 (RLIN) 232773
852 ## - LOCALIZACIÓN
Ubicación ES-MaACL
Número de control de estantería AND-655
Nota libre . - Biblioteca Juan Andrade
-- . - Dedicatoria autógrafa del autor
Holdings
Estatus retirado Estado de pérdida Estado de daño No para préstamo Biblioteca de origen Biblioteca actual Ubicación en estantería Fecha de adquisición Fuente de adquisición Total de préstamos Signatura topográfica completa Código de barras Visto por última vez Precio de reemplazo Tipo de ítem Koha
        Biblioteca del Ateneo de Madrid Biblioteca del Ateneo de Madrid Depósito 2 17/01/2008     AND-655 1110476 23/02/2023 23/02/2023 Libro impreso